Spell Jeppy 2!!!!!!! - Statistics

General Stats
  • This quiz has been taken 110 times
  • The average score is 10 of 12
Answer Stats
Hint Answer % Correct
1 jeppy the jetpunk fish
100%
2 jeppy the jetpunk fish
93%
3 jeppy the jetpunk fish
93%
4 jeppy the jetpunk fish
92%
5 jeppy the jetpunk fish
92%
6 jeppy the jetpunk fish
90%
7 jeppy the jetpunk fish
89%
8 jeppy the jetpunk fish
85%
9 jeppy the jetpunk fish
67%
10 jeppy the jetpunk fish
67%
11 jeppy the jetpunk fish
67%
12 jeppy the jetpunk fish
61%
No matching quizzes found
Score Distribution
Percent of People with Each Score
Percentile by Number Answered
Your Score History
You have not taken this quiz